| 000 | 00983nam a2200193Ia 4500 | ||
|---|---|---|---|
| 003 | Ost | ||
| 005 | 20260507075726.0 | ||
| 008 | 260507s9999||||xx |||||||||||||| ||und|| | ||
| 040 | _cfsecg | ||
| 041 | _aara | ||
| 082 | _a658.405 | ||
| 100 |
_aمهنا، محمد نصر _eمؤلف |
||
| 245 | 0 |
_aادارة الازمات / _c محمد نصر مهنا |
|
| 260 |
_aالاسكندرية: _bمؤسسة شباب الجامعة, _c2004 |
||
| 300 |
_a370 صفحة؛ _c24 سم |
||
| 520 | _aإدارة الأزمات / اصلاحها /دراسة منهجيةأزمات التنمية السياسية /منهجية امترادفات اللغوية للازمة/منهجية دراسة المفاهيم الاساسية في ادارة الازمات /منهجية المفاهيم الاساسية في ادارة الكوارث/تخطيط ادارة الازمات/ دور المعلومات في ادارة الأزمة | ||
| 653 | _aادارة الازمات | ||
| 942 | _cكتاب | ||
| 999 |
_c45981 _d45981 |
||